000 00467nam a2200157Ia 4500
999 _c5626
_d5626
003 OSt
005 20200127110635.0
008 190216s9999||||xx |||||||||||||| ||und||
040 _coclc
082 _a338.5024658
_bRAJ/M
100 _aRajagopalan, P
_91196
245 0 _aManagerial Economics /
_c P Rajagopalan
260 _bNational Publications,
_c1990.
_aCalicut:
300 _a198p
942 _cBK
_2ddc
_h338.5024658
_iRAJ/M
_k338.5024658
_mRAJ/M